Countries that Start with E - Shape Quiz - Statistics

General Stats
  • This quiz has been taken 38 times
  • The average score is 7 of 8
Answer Stats
Picture Answer % Correct
Egypt
100%
Ecuador
97%
Ethiopia
94%
El Salvador
87%
Eritrea
87%
Equatorial Guinea
81%
Estonia
81%
Eswatini
77%
No matching quizzes found
Score Distribution
Percent of People with Each Score
Percentile by Number Answered
Your Score History
You have not taken this quiz